| 000 | 01467cam a2200337 a 4500 | ||
|---|---|---|---|
| 999 |
_c174380 _d174380 |
||
| 001 | 3087523 | ||
| 003 | Nust | ||
| 005 | 20170125103126.0 | ||
| 008 | 980302s1998 dcu i100 0 eng | ||
| 010 | _a 98016017 | ||
| 020 | _a0821342096 | ||
| 040 |
_aDLC _cDLC _dDLC |
||
| 050 | 0 | 0 |
_aHD75.8 _b.S66 1998 |
| 082 | 0 | 0 |
_a338.9/22 _221 |
| 245 | 0 | 0 |
_aSocial funds and reaching the poor : _bexperiences and future directions : proceedings from an international workshop organized by the World Bank ... [et al.] / _cedited by Anthony G. Bigio. |
| 260 |
_aWashington, D.C. : _bWorld Bank, _cc1998. |
||
| 300 |
_avii, 247 p. ; _c28 cm. |
||
| 440 | 0 | _aEDI learning resources series | |
| 500 | _aPapers presented at the International Workshop on Social Funds, May 27-30, 1997, Washington, D.C. | ||
| 610 | 2 | 0 | _aWorld Bank. |
| 650 | 0 |
_aEconomic development projects _xCitizen participation _xCongresses. |
|
| 650 | 0 |
_aCommunity development _xCongresses. |
|
| 653 | _aSocial funds. | ||
| 700 | 1 | _aBigio, Anthony G. | |
| 710 | 2 | _aWorld Bank. | |
| 711 | 2 |
_aInternational Workshop on Social Funds _d(1997 : _cWashington, D.C.) |
|
| 856 | 7 |
_3Table of contents _uhttp://lcweb.loc.gov/catdir/toc/98-16017.html _2http |
|
| 906 |
_a7 _bcbc _corignew _d1 _eocip _f19 _gy-gencatlg |
||
| 942 |
_2ddc _cBK |
||